000 00675nam a2200265Ia 4500
005 20260121171128.0
008 008 260114s9999 xx 000 0 eng d
020 _a9783030115425
037 _aEBOOK
040 _aCRL
040 _beng
040 _cCRL
041 _2eng
041 _aeng
084 _qCRL
100 _aVanessa Ratten, Paul Jones, Vitor Braga, Carla Susana Marques
_91072372
245 0 _aSubsistence Entrepreneurship
260 _bSpringer
260 _bSpringer
260 _c2019
856 _uhttps://link.springer.com/openurl?genre=book&isbn=978-3-030-11542-5
942 _cEBOOK
999 _c1638102
_d1638102